Crossover : romanzo /

সংরক্ষণ করুন:
গ্রন্থ-পঞ্জীর বিবরন
প্রধান লেখক: Fallabrino, Franco (লেখক)
বিন্যাস: গ্রন্থ
ভাষা:ইতালিয়
প্রকাশিত: Roma : Serarcangeli, °2002!
মালা:Nuovepagine
ট্যাগগুলো: ট্যাগ যুক্ত করুন
কোনো ট্যাগ নেই, প্রথমজন হিসাবে ট্যাগ করুন!

MARC

LEADER 00000nam a2200000 i 4500
001 IT\ICCU\BVE\0273860
003 ItRI
005 20250504143706.0
008 021026s2002 it |||||| ||||| |||||c
020 |a 8874080123 
040 |b ita  |c Comunitas 
041 7 |a ita  |2 ISO-639-2 
100 1 |a Fallabrino, Franco  |0 IT\ICCU\BVEV\097837  |4 aut 
245 1 0 |a Crossover :  |b romanzo /  |c Franco Fallabrino. 
260 |a Roma :  |b Serarcangeli,  |c °2002! 
300 |a 341 p. ;  |c 21 cm. 
830 0 |a Nuovepagine  |0 IT\ICCU\CFI\0249645 
942 |2 ddc  |c BK 
952 |0 0  |1 0  |2 ddc  |4 0  |6 853_914000000000000_FAL_CRO  |7 0  |9 4194  |a AN  |b AN  |d 2025-05-04  |l 0  |o 853.914 FAL CRO  |p 11371  |r 2025-05-04 14:39:40  |w 2025-05-04  |y BK 
981 1 |6 z01  |a i   |b xxxe  
982 1 |6 z01  |a n 
999 |c 3227  |d 3227